Statistics for How to save a life - The Fray (All Lyrics)

Click here to take the quiz!

General Stats

  • This quiz has been taken 254 times
  • The average score is 268 of 344

Answer Stats

Answer% Correct
a
100%
I
99%
to
99%
You
99%
you
99%
How
97%
how
97%
life
97%
save
96%
go
93%
last
93%
The
93%
the
93%
where
92%
ChorusWhere
92%
and
91%
And
91%
lost
91%
did
90%
friend
90%
know
88%
Some
88%
He
87%
he
87%
on
87%
wrong
87%
do
86%
in
86%
we
86%
all
85%
just
84%
say
84%
stay
84%
night
82%
somewhere
82%
Somewhere
82%
with
82%
your
82%
one
81%
up
81%
its
80%
right
78%
talk
78%
why
77%
along
76%
down
76%
need
76%
begin
75%
stayed
75%
1st VerseStep
75%
bitterness
74%
at
73%
left
72%
back
71%
have
71%
sit
71%
wonder
71%
would
71%
came
70%
of
70%
politely
69%
had
67%
Had
67%
known
67%
through
67%
goes
65%
smiles
65%
stare
63%
window
62%
that
60%
walks
60%
As
59%
him
56%
best
54%
'Cause
53%
after
52%
Between
52%
sort
52%
lines
50%
2nd VerseLet
49%
his
48%
is
48%
blame
47%
fear
47%
God
46%
hears
46%
Pray
46%
pray
46%
what
46%
grant
44%
things
42%
not
41%
Try
39%
voice
39%
yours
38%
list
37%
raise
37%
two
37%
choice
35%
innocence
35%
lower
35%
told
35%
Without
35%
begins
34%
everything
34%
granting
34%
you'll
33%
he's
32%
road
31%
same
31%
will
30%
admit
29%
Lay
29%
Or
29%
past
29%
you've
29%
break
27%
lose
27%
ones
27%
he'll
25%
Drive
23%
followed
23%
slip
23%
until
23%
defence
20%
safe
15%

Score Distribution

Percentile by Number Answered

Percent of People with Each Score

Your Score History

You have not taken this quiz